Loading...
| Current Events | 0 | 3 | 0 | 1 | 30 | 97 | 109.00 | 1 | 2 |
| Science - Other Science | 0 | 3 | 0 | 2 | 30 | 83 | 112.33 | 0 | 3 |
| Science - Chemistry | 0 | 3 | 0 | 2 | 30 | 110 | 116.67 | 1 | 2 |
| Fine Arts - Other Fine Arts | 0 | 2 | 0 | 1 | 20 | 77 | 103.50 | 1 | 1 |
| Literature - American Literature | 1 | 0 | 0 | 0 | 15 | 73 | 73.00 | 0 | 1 |
| History - Other History | 0 | 1 | 0 | 0 | 10 | 110 | 110.00 | 0 | 1 |
| Religion | 0 | 1 | 0 | 0 | 10 | 118 | 118.00 | 0 | 1 |
| Science - Biology | 0 | 1 | 0 | 0 | 10 | 101 | 101.00 | 0 | 1 |
| History - American History | 0 | 1 | 0 | 0 | 10 | 135 | 135.00 | 1 | 1 |
| Geography | 0 | 1 | 0 | 0 | 10 | 127 | 127.00 | 1 | 1 |
| Science - Physics | 0 | 0 | 1 | 0 | -5 | 0.00 | 0 | 0 |